000 01918cam a22006134i 4500
003 PE-LiUPU
005 20250731170416.0
008 170623s2013 mau rb 001 0 eng d
020 _a9004226680
020 _a9789004226685
035 _a(Sirsi) a222412
040 _aPE-LiUPU
_bspa
_cPE-LiUPU
_erda
049 _aPRUA
082 0 4 _a110
_bT46
_223
100 1 _aGalluzzo, Gabriele,
_eautor.
245 1 4 _aThe medieval reception of book zeta of Aristotle's Metaphysics /
_cby Gabriele Galluzzo.
264 1 _aLeiden ;
_aBoston :
_bBrill,
_c2013.
300 _a609 páginas ;
_c25 centimetros.
336 _atext
_2rdacontent
337 _aunmediated
_2rdamedia
338 _avolume
_2rdacarrier
490 0 _aStudien und Texte zur Geistesgeschichte des Mittelalters.
504 _aBibliografía : páginas 581-585.
504 _aÍndices: páginas 577-603.
526 _aSEG68
526 _aSEG70
526 _aSEG69
526 _aSEG67
526 _aSEG43
526 _aP144
526 _aP143
526 _aP131
526 _aP122
526 _aP120
526 _aP117
526 _aP112
526 _aP110
526 _aP106
526 _aP101
526 _aP80
526 _aP59
526 _aP54
526 _aP35
526 _aP33
526 _aP30
650 0 4 _aFilosofía, Medieval.
910 _ajck
_bjvq
_cjpc
_d20170623
942 _2ddc
_cBOOK
949 _a110 T46
_wDEWEY
_c1
_i76408
_lCATALOGING
_mBUL
_p66.00
_r0
_sY
_tBOOK
_u2017-06-23
_xTEOLOGÍA
_zTEOLOGÍA
_0COMPRA
_o.CIRCNOTE. El documento es de alto precio.
_o.STAFF. Colección Teología
994 _aC0
_bPEPRU
596 _a1
999 _a110 T46
_wDEWEY
_c22792
_i76408
_f2021-11-8
_g4
_lCCODEBUL1
_mBUL
_p66.00
_r0
_sY
_tBOOK
_u2017-6-23
_xTEOLOGIA
_PP35
_0COMPRA
_o.STAFF. Colección Teología
_d22792
980 _81
_gALBERTO SANCHEZ Responsable de Automatización